| 000 | 00628 a2200253 4500 | ||
|---|---|---|---|
| 260 | _aParis | ||
| 630 | _a65 - Gestion et organisation de lindustrie, du commerce, de la communication et des transports | ||
| 037 | _b1, CIUF | ||
| 650 | _a6 - SCIENCES APPLIQUEES | ||
| 100 | _aGelain, Jean-Marie | ||
| 260 | _béd. La Revue Banque | ||
| 245 | _aLa comptabilité Bancaire | ||
| 300 | _a250p | ||
| 650 | _aBanque : bilan | ||
| 260 | _c1992 | ||
| 300 | _b24 cm | ||
| 100 | _lFr | ||
| 037 | _a03/251 | ||
| 440 | _aCollection CESB | ||
| 440 | _x0151-0177 | ||
| 020 | _a2.86325-191-X | ||
| 999 |
_c43473 _d43473 |
||